000 00721nam a2200217Ii 4500
003 JO-AjNU
008 230605s9999||||xx |||||||||||||| ||und||
017 _a2003/11251
020 _a977-01-8582-5
040 _aJO-AjNU
_bara
_erda
_cJO-AjNU
041 _aara
050 1 4 _aBF173.J665.2003
100 3 _aيونج،ك.ج ، خياطة،نهاد/ترجمة ، عناني،محمد محمد/اعداد,
_eauthor
_98908
245 0 0 _aعلم النفس التحليلي
264 3 1 _aالقاهرة:الهيئة العامة للكتاب ،2003
300 _a351ص
336 _atext
_btxt
_2rdacontent
337 _aunmediated
_bn
_2rdamedia
338 _avolume
_bnc
_2rdacarrier
650 4 _aتحليل نفسي
_98909
999 _aA1028
_c4596
_d4596